[Event "HUN-chT2 Szechenyi 1314"]
[Site "Hungary"]
[Date "2014.02.16"]
[Round "7.1"]
[White "Olle, Peter"]
[Black "Nagy, Bence"]
[Result "0-1"]
[WhiteElo "2186"]
[BlackElo "2358"]
[PlyCount "54"]
[EventDate "2013.09.08"]
[EventType "team-tourn"]
[EventRounds "11"]
[EventCountry "HUN"]
[SourceTitle "EXT 2016"]
[Source "ChessBase"]
[SourceDate "2015.10.08"]
[SourceVersion "1"]
[SourceVersionDate "2015.10.08"]
[SourceQuality "1"]
[WhiteTeam "Sarvar"]
[BlackTeam "Lovo"]
[WhiteTeamCountry "HUN"]
[BlackTeamCountry "HUN"]

1. e4 e6 2. d4 d5 3. exd5 exd5 4. Nf3 Bg4 5. Bf4 Bd6 6. Qe2+ Ne7 7. Bxd6 Qxd6 8. Qb5+ Nd7 9. Nbd2 a6 10. Qb3 0-0 11. Be2 Ng6 12. 0-0 Nf4 13. Rfe1 Qg6 14. Nh4 Qh5 15. Bxg4 Qxg4 16. g3 Ne2+ 17. Kg2 Nxd4 18. Qxd5 Nf6 19. Qc4 b5 20. Qc5 Rad8 21. h3 Qc8 22. Re7 Ne6 23. Rxe6 fxe6 24. Ndf3 Qb7 25. Re1 Rf7 26. Rxe6 Rdf8 27. Nf5 Nd7 0-1

[Event "HUN-chT2 Szechenyi 1314"]
[Site "Hungary"]
[Date "2014.02.09"]
[Round "6.1"]
[White "Fancsy, Imre"]
[Black "Olle, Peter"]
[Result "1/2-1/2"]
[WhiteElo "2390"]
[BlackElo "2186"]
[PlyCount "23"]
[EventDate "2013.09.08"]
[EventType "team-tourn"]
[EventRounds "11"]
[EventCountry "HUN"]
[SourceTitle "EXT 2016"]
[Source "ChessBase"]
[SourceDate "2015.10.08"]
[SourceVersion "1"]
[SourceVersionDate "2015.10.08"]
[SourceQuality "1"]
[WhiteTeam "Balatonfuered"]
[BlackTeam "Sarvar"]
[WhiteTeamCountry "HUN"]
[BlackTeamCountry "HUN"]

1. d4 d5 2. c4 c6 3. Nf3 Nf6 4. Nc3 e6 5. Bg5 dxc4 6. e4 b5 7. e5 h6 8. Bh4 g5 9. Nxg5 hxg5 10. Bxg5 Nbd7 11. exf6 Bb7 12. g3 1/2-1/2

[Event "HUN-chT2 Szechenyi 1213"]
[Site "Hungary"]
[Date "2013.04.07"]
[Round "10.1"]
[White "Olle, Peter"]
[Black "Tomasic, Roland"]
[Result "1/2-1/2"]
[WhiteElo "2201"]
[BlackElo "2085"]
[PlyCount "43"]
[EventDate "2012.09.16"]
[EventType "team-tourn"]
[EventRounds "11"]
[EventCountry "HUN"]
[SourceTitle "EXT 2014"]
[Source "ChessBase"]
[SourceDate "2013.11.20"]
[SourceVersion "1"]
[SourceVersionDate "2013.11.20"]
[SourceQuality "1"]
[WhiteTeam "Sarvar"]
[BlackTeam "Haladas III"]
[WhiteTeamCountry "HUN"]
[BlackTeamCountry "HUN"]

1. e4 c5 2. Nf3 d6 3. c3 Nf6 4. h3 Nc6 5. Bd3 g6 6. Bc2 Bg7 7. d4 cxd4 8. cxd4 0-0 9. 0-0 Nb4 10. Bb3 d5 11. e5 Ne4 12. a3 Nc6 13. Ng5 Nxg5 14. Bxg5 Be6 15. Nc3 Qd7 16. Re1 Rac8 17. Rc1 Rfd8 18. Qd2 f6 19. exf6 exf6 20. Bh4 Bf7 21. Bd1 Re8 22. Ba4 1/2-1/2

[Event "HUN-chT2 Szechenyi 1112"]
[Site "Hungary"]
[Date "2012.02.19"]
[Round "6.1"]
[White "Sardy, Peter"]
[Black "Olle, Peter"]
[Result "1-0"]
[WhiteElo "2360"]
[BlackElo "2216"]
[PlyCount "127"]
[EventDate "2011.09.25"]
[EventType "team-tourn"]
[EventRounds "11"]
[EventCountry "HUN"]
[SourceTitle "EXT 2013"]
[Source "ChessBase"]
[SourceDate "2012.11.22"]
[SourceVersion "1"]
[SourceVersionDate "2012.11.22"]
[SourceQuality "1"]
[WhiteTeam "Lovo"]
[BlackTeam "Sarvar"]
[WhiteTeamCountry "HUN"]
[BlackTeamCountry "HUN"]

1. e4 e5 2. Nf3 Nf6 3. d4 Nxe4 4. dxe5 Nc5 5. Nc3 Be7 6. Be3 a5 7. Bc4 Ne6 8. 0-0 Nc6 9. Qe2 b6 10. Rad1 Bb7 11. Rfe1 Qc8 12. Qd2 Nb4 13. Nd4 Nc6 14. Nf5 Bf8 15. Bxb6 Ba6 16. Bxa6 Rxa6 17. Be3 g6 18. Nd4 Ncxd4 19. Bxd4 Bg7 20. Nd5 Qb7 21. c4 0-0 22. Bc3 Kh8 23. b3 a4 24. b4 Raa8 25. Re4 Rfe8 26. Rh4 g5 27. Rh3 h6 28. Qc2 Nf4 29. Nxf4 gxf4 30. Qf5 Ra6 31. Qxf4 Rg6 32. Rg3 Rxg3 33. hxg3 d6 34. Qxf7 Rf8 35. Qd5 Qc8 36. Rd3 Qf5 37. Rf3 Qb1+ 38. Kh2 Rxf3 39. Qxf3 dxe5 40. Qa8+ Kh7 41. Qxa4 Qf5 42. f3 Qd3 43. Qb3 h5 44. Bb2 Qe2 45. Bc1 e4 46. Qe3 exf3 47. Qxe2 fxe2 48. Bd2 Kg6 49. g4 hxg4 50. Kg3 Bd4 51. Kxg4 Bf2 52. Kf4 e1Q 53. Bxe1 Bxe1 54. b5 Kf6 55. c5 Ke6 56. Ke4 Bf2 57. c6 Kd6 58. a4 Kc5 59. g4 Be1 60. g5 Bc3 61. g6 Bg7 62. Kf5 Kd6 63. a5 Ke7 64. b6 1-0

[Event "HUN-chT2 Szechenyi 1011"]
[Site "Hungary"]
[Date "2011.04.10"]
[Round "8.1"]
[White "Gruskovnjak, Tomislav"]
[Black "Olle, Peter"]
[Result "1-0"]
[WhiteElo "2354"]
[BlackElo "2229"]
[PlyCount "63"]
[EventDate "2010.09.12"]
[EventType "team-tourn"]
[EventRounds "11"]
[EventCountry "HUN"]
[SourceTitle "EXT 2012"]
[Source "ChessBase"]
[SourceDate "2011.11.24"]
[SourceVersion "1"]
[SourceVersionDate "2011.11.24"]
[SourceQuality "1"]
[WhiteTeam "Alsoszolnok"]
[BlackTeam "Sarvar"]
[WhiteTeamCountry "HUN"]
[BlackTeamCountry "HUN"]

1. c4 f5 2. g3 Nf6 3. Bg2 g6 4. Nf3 Bg7 5. 0-0 0-0 6. Nc3 d6 7. d4 Nc6 8. d5 Na5 9. Nd2 Ng4 10. Qa4 b6 11. Qc2 f4 12. gxf4 Rxf4 13. Nde4 Rf8 14. Ng5 Nxc4 15. Nb5 a6 16. Qxc4 axb5 17. Qb3 Qe8 18. Bd2 h6 19. Ne6 Bxe6 20. dxe6 c6 21. Bc3 d5 22. Bxg7 Kxg7 23. Rac1 Qb8 24. Qh3 Qf4 25. e3 Qf5 26. Rxc6 Rxa2 27. Rc7 Rxb2 28. Rxe7+ Kf6 29. Rb7 Rxf2 30. Qh4+ g5 31. Rxf2 gxh4 32. Rxf5+ 1-0

[Event "AUT-chT 1011"]
[Site "Austria"]
[Date "2011.03.03"]
[Round "8.5"]
[White "Pinter, Jozsef"]
[Black "Olle, Peter"]
[Result "1-0"]
[WhiteElo "2521"]
[BlackElo "2229"]
[PlyCount "69"]
[EventDate "2010.11.19"]
[EventType "team-tourn"]
[EventRounds "11"]
[EventCountry "AUT"]
[SourceTitle "EXT 2012"]
[Source "ChessBase"]
[SourceDate "2011.11.24"]
[SourceVersion "1"]
[SourceVersionDate "2011.11.24"]
[SourceQuality "1"]
[WhiteTeam "Fuerstenfeld"]
[BlackTeam "Lackenbach"]
[WhiteTeamCountry "AUT"]
[BlackTeamCountry "AUT"]

1. d4 f5 2. g3 Nf6 3. Bg2 g6 4. c4 Bg7 5. Nc3 0-0 6. Nf3 e6 7. 0-0 Nc6 8. d5 Na5 9. Qa4 c5 10. Bd2 b6 11. Rad1 Bb7 12. dxe6 Bc6 13. Qc2 dxe6 14. Nb5 Qc8 15. Nd6 Qc7 16. Bf4 Qe7 17. Nb5 Ne8 18. Bg5 Qb7 19. b3 a6 20. Nc3 Qc7 21. e4 Qb7 22. Rfe1 Rc8 23. Bf4 h6 24. h4 b5 25. Ne5 Bxe5 26. Bxe5 bxc4 27. Qd2 Kh7 28. Ne2 Qb6 29. Bc3 Nb7 30. Nf4 cxb3 31. exf5 Rxf5 32. Bxc6 Rd8 33. Qd7+ Rxd7 34. Rxd7+ Kg8 35. Rxe6 1-0

[Event "HUN-chT2 Charousek 0910"]
[Site "Hungary"]
[Date "2010.03.07"]
[Round "6"]
[White "Kallai, Gabor"]
[Black "Olle, Peter"]
[Result "1-0"]
[WhiteElo "2444"]
[BlackElo "2248"]
[PlyCount "85"]
[EventDate "2009.11.08"]
[EventType "team-tourn"]
[EventRounds "11"]
[EventCountry "HUN"]
[SourceTitle "EXT 2011"]
[Source "ChessBase"]
[SourceDate "2010.11.26"]
[SourceVersion "1"]
[SourceVersionDate "2010.11.26"]
[SourceQuality "1"]
[WhiteTeam "Taban Spartacus"]
[BlackTeam "Sarvar"]
[WhiteTeamCountry "HUN"]
[BlackTeamCountry "HUN"]

1. g3 Nf6 2. Bg2 d6 3. c4 g6 4. b3 Bg7 5. Bb2 Nc6 6. d4 Nd7 7. e3 e5 8. Ne2 0-0 9. 0-0 Rb8 10. Nbc3 Re8 11. Qd2 Ne7 12. Rad1 Nf5 13. dxe5 Nxe5 14. c5 Bh6 15. cxd6 Nxd6 16. f4 Nd7 17. e4 Bg7 18. Kh1 b5 19. Nd4 Bb7 20. e5 b4 21. Nd5 Nc8 22. Nxb4 Nc5 23. Nbc6 Bxc6 24. Nxc6 Qxd2 25. Rxd2 Rb5 26. Rc1 Ne6 27. Nd4 Nxd4 28. Rxd4 c5 29. Rd7 Ra5 30. a3 Nb6 31. Rd3 Bf8 32. h4 Rb8 33. Rc2 c4 34. bxc4 Nxc4 35. Rxc4 Rxb2 36. a4 Rc5 37. Rxc5 Bxc5 38. Rd7 Rb1+ 39. Kh2 Bg1+ 40. Kh3 Rb2 41. Bd5 Rh2+ 42. Kg4 Rf2 43. Kg5 1-0

[Event "HUN-chT2 Charousek 0910"]
[Site "Hungary"]
[Date "2009.12.06"]
[Round "3"]
[White "Varga, Jozsef"]
[Black "Olle, Peter"]
[Result "0-1"]
[WhiteElo "2032"]
[BlackElo "2248"]
[PlyCount "98"]
[EventDate "2009.11.08"]
[EventType "team-tourn"]
[EventRounds "11"]
[EventCountry "HUN"]
[SourceTitle "EXT 2011"]
[Source "ChessBase"]
[SourceDate "2010.11.26"]
[SourceVersion "1"]
[SourceVersionDate "2010.11.26"]
[SourceQuality "1"]
[WhiteTeam "Alsoszolnok"]
[BlackTeam "Sarvar"]
[WhiteTeamCountry "HUN"]
[BlackTeamCountry "HUN"]

1. d4 Nf6 2. Nc3 d5 3. Nf3 Bf5 4. Nh4 Bg6 5. Nxg6 hxg6 6. Bf4 e6 7. Qd3 Nc6 8. Nb5 Rc8 9. a3 Nh5 10. Be3 a6 11. Nc3 Na5 12. b3 Bd6 13. Qd2 b6 14. Bg5 f6 15. Be3 g5 16. Qd3 Ra8 17. g3 f5 18. Bg2 c6 19. g4 Nf4 20. Bxf4 gxf4 21. gxf5 Qg5 22. Bf3 Qxf5 23. Qxf5 exf5 24. Kd2 Ra7 25. h4 g6 26. Rag1 Rg7 27. a4 Rh6 28. Re1 Kd7 29. Kd3 Rgh7 30. Bxd5 cxd5 31. Nxd5 Kc6 32. c4 Rxh4 33. Rxh4 Rxh4 34. b4 Rh3+ 35. f3 Nb7 36. b5+ axb5 37. axb5+ Kd7 38. Nxb6+ Ke6 39. Ra1 g5 40. Ra7 Rh7 41. Kc3 g4 42. c5 g3 43. Ra1 Nxc5 44. Kc4 Nb7 45. Kd3 Rg7 46. e4 fxe3 47. Kxe3 g2 48. Kf2 Bh2 49. Re1+ Kf7 0-1

[Event "AUT-chT 0910"]
[Site "Austria"]
[Date "2009.11.07"]
[Round "2.5"]
[White "Olle, Peter"]
[Black "Wells, Peter K"]
[Result "0-1"]
[WhiteElo "2248"]
[BlackElo "2489"]
[PlyCount "130"]
[EventDate "2009.11.06"]
[EventType "team-tourn"]
[EventRounds "11"]
[EventCountry "AUT"]
[SourceTitle "EXT 2010"]
[Source "ChessBase"]
[SourceDate "2010.11.25"]
[SourceVersion "1"]
[SourceVersionDate "2010.11.25"]
[SourceQuality "1"]
[WhiteTeam "Lackenbach"]
[BlackTeam "Graz Styria"]
[WhiteTeamCountry "AUT"]
[BlackTeamCountry "AUT"]

1. e4 c5 2. Nf3 Nc6 3. c3 Nf6 4. e5 Nd5 5. d4 cxd4 6. cxd4 d6 7. Bc4 dxe5 8. Nxe5 e6 9. 0-0 Bd6 10. Bxd5 exd5 11. Bf4 Bxe5 12. Bxe5 0-0 13. Nc3 Nxe5 14. dxe5 d4 15. Nb5 Qa5 16. Nxd4 Qxe5 17. Re1 Qf6 18. Qd2 b6 19. Rad1 Bb7 20. Qe3 Rfd8 21. Qe7 Qxe7 22. Rxe7 Bd5 23. Rde1 Kf8 24. Nb5 Bxa2 25. Rxa7 Rxa7 26. Nxa7 Rd2 27. b4 Rb2 28. Rd1 g6 29. b5 Bc4 30. Rd8+ Kg7 31. h4 Bxb5 32. Nc8 Ba4 33. h5 gxh5 34. Ne7 Bc2 35. Rd6 b5 36. Nc6 b4 37. Nd4 b3 38. Rb6 Rb1+ 39. Kh2 Rf1 40. f4 h4 41. Kh3 Rxf4 42. Nxb3 Bf5+ 43. Kh2 Rf2 44. Nd4 Be4 45. Kh3 Bxg2+ 46. Kxh4 Be4 47. Kg3 Rd2 48. Rd6 Rd3+ 49. Kf4 Bg6 50. Rd7 Ra3 51. Rd5 h5 52. Kg5 Rg3+ 53. Kh4 Rg4+ 54. Kh3 Rf4 55. Kg3 Rf1 56. Rc5 Rh1 57. Nf3 Be4 58. Nh4 Kh6 59. Rc8 Rg1+ 60. Kh2 Rh1+ 61. Kg3 Rg1+ 62. Kh2 Rg4 63. Kh3 Kg5 64. Rg8+ Kf4 65. Rh8 Rg1 0-1

[Event "HUN-chT2 Charousek 0809"]
[Site "Hungary"]
[Date "2009.02.08"]
[Round "7"]
[White "Krutti, Valer"]
[Black "Olle, Peter"]
[Result "1-0"]
[WhiteElo "2383"]
[BlackElo "2237"]
[PlyCount "83"]
[EventDate "2008.10.26"]
[EventType "team-tourn"]
[EventRounds "11"]
[EventCountry "HUN"]
[SourceTitle "EXT 2010"]
[Source "ChessBase"]
[SourceDate "2010.11.25"]
[SourceVersion "1"]
[SourceVersionDate "2010.11.25"]
[SourceQuality "1"]
[WhiteTeam "Aquaprofit II"]
[BlackTeam "Sarvar"]
[WhiteTeamCountry "HUN"]
[BlackTeamCountry "HUN"]

1. d4 Nf6 2. Nf3 d6 3. c4 Bg4 4. Nc3 c6 5. g3 Qa5 6. Bg2 Nbd7 7. 0-0 Nb6 8. Nd2 Qh5 9. f3 Be6 10. b3 g5 11. e4 Rg8 12. Re1 Rg6 13. Nf1 Bg7 14. Be3 Bh3 15. Qd2 Bxg2 16. Qxg2 Nfd7 17. g4 Qh6 18. Ng3 Bf6 19. Rad1 Qf8 20. Qd2 Qh8 21. Kg2 Kf8 22. Nce2 Re8 23. c5 Nc8 24. b4 Bg7 25. Nf5 h6 26. Neg3 Kg8 27. h4 e6 28. Nxg7 Qxg7 29. Nh5 Qf8 30. hxg5 e5 31. gxh6 f5 32. exf5 Qxf5 33. Ng7 Qf7 34. Nxe8 Qxe8 35. dxe5 d5 36. h7+ Kxh7 37. Bg5 Qe6 38. Qf4 Kg8 39. Bf6 Nf8 40. Rh1 Nh7 41. Rh6 Rxf6 42. Rxf6 1-0

[Event "HUN-chT2 Charousek 0809"]
[Site "Hungary"]
[Date "2008.11.02"]
[Round "2"]
[White "Olle, Peter"]
[Black "Frank, Jozsef1111"]
[Result "1-0"]
[WhiteElo "2237"]
[BlackElo "2173"]
[PlyCount "53"]
[EventDate "2008.10.26"]
[EventType "team-tourn"]
[EventRounds "11"]
[EventCountry "HUN"]
[SourceTitle "EXT 2010"]
[Source "ChessBase"]
[SourceDate "2010.11.25"]
[SourceVersion "1"]
[SourceVersionDate "2010.11.25"]
[SourceQuality "1"]
[WhiteTeam "Sarvar"]
[BlackTeam "Gyor Elektromos"]
[WhiteTeamCountry "HUN"]
[BlackTeamCountry "HUN"]

1. e4 a6 2. d4 b5 3. f4 Bb7 4. Bd3 Nf6 5. Qe2 e6 6. c3 d6 7. a4 bxa4 8. Rxa4 Be7 9. Nf3 0-0 10. 0-0 c5 11. Nbd2 Qc7 12. e5 Nd5 13. Ng5 Bxg5 14. fxg5 dxe5 15. dxe5 g6 16. Ne4 Nd7 17. Nd6 Bc6 18. Rh4 c4 19. Bc2 Rad8 20. Rxh7 Kxh7 21. Qh5+ Kg8 22. Bxg6 N7f6 23. gxf6 fxg6 24. Qxg6+ Kh8 25. f7 Qa7+ 26. Kh1 Nf6 27. Qxf6+ 1-0

[Event "HUN-chT2 Charousek 0809"]
[Site "Hungary"]
[Date "2008.10.26"]
[Round "1"]
[White "Feletar, Darko"]
[Black "Olle, Peter"]
[Result "1-0"]
[WhiteElo "2374"]
[BlackElo "2237"]
[PlyCount "91"]
[EventDate "2008.10.26"]
[EventType "team-tourn"]
[EventRounds "11"]
[EventCountry "HUN"]
[SourceTitle "EXT 2010"]
[Source "ChessBase"]
[SourceDate "2010.11.25"]
[SourceVersion "1"]
[SourceVersionDate "2010.11.25"]
[SourceQuality "1"]
[WhiteTeam "Szenna Pack"]
[BlackTeam "Sarvar"]
[WhiteTeamCountry "HUN"]
[BlackTeamCountry "HUN"]

1. c4 c5 2. Nf3 Nc6 3. d4 cxd4 4. Nxd4 g6 5. e4 Bg7 6. Be3 Nf6 7. Nc3 0-0 8. Be2 d6 9. 0-0 Bd7 10. Qd2 Nxd4 11. Bxd4 Bc6 12. f3 Ne8 13. Be3 Nc7 14. Rfd1 b6 15. Rac1 Qe8 16. b3 Rd8 17. Nd5 Ne6 18. Rc2 Rd7 19. Kh1 f5 20. exf5 gxf5 21. Re1 Qf7 22. Bf1 Ba8 23. Bf2 Nc7 24. Nxc7 Rxc7 25. Bh4 e5 26. Qxd6 Rd7 27. Qb4 Qh5 28. Bg3 f4 29. Bf2 Rfd8 30. c5 Rd1 31. cxb6 Rxe1 32. Bxe1 axb6 33. Qxb6 Qe8 34. Bb5 Qf8 35. Rd2 Rb8 36. Bc4+ Kh8 37. Qd6 Qe8 38. Bh4 Qf8 39. Qxb8 Qxb8 40. Rd8+ Qxd8 41. Bxd8 e4 42. fxe4 Bxe4 43. Bb6 h5 44. Be2 h4 45. Bf3 Bb1 46. a4 1-0

[Event "HUN-chT2 Szechenyi 0607"]
[Site "Hungary"]
[Date "2007.05.20"]
[Round "11"]
[White "Rako, Istvan"]
[Black "Olle, Peter"]
[Result "1/2-1/2"]
[WhiteElo "2142"]
[BlackElo "2185"]
[PlyCount "41"]
[EventDate "2006.11.12"]
[EventType "team"]
[EventRounds "11"]
[EventCountry "HUN"]
[SourceTitle "EXT 2008"]
[Source "ChessBase"]
[SourceDate "2007.11.25"]
[SourceVersion "1"]
[SourceVersionDate "2007.11.25"]
[SourceQuality "1"]
[WhiteTeam "Flesch"]
[BlackTeam "Sarvar"]
[WhiteTeamCountry "HUN"]
[BlackTeamCountry "HUN"]

1. e4 d5 2. exd5 Qxd5 3. Nc3 Qd6 4. Nf3 a6 5. d4 Nf6 6. h3 Bf5 7. Bd3 Bxd3 8. Qxd3 Nc6 9. 0-0 h6 10. Ne4 Nxe4 11. Qxe4 0-0-0 12. c3 e6 13. Re1 Qd5 14. Qxd5 Rxd5 15. Bf4 Be7 16. Re2 Rhd8 17. Rae1 Bf6 18. g3 g5 19. Be5 Bxe5 20. Nxe5 Nxe5 21. Rxe5 1/2-1/2

[Event "HUN-chT2 Szechenyi 0506"]
[Site "Hungary"]
[Date "2006.03.19"]
[Round "9"]
[White "Olle, Peter"]
[Black "Nagy, Bence"]
[Result "1/2-1/2"]
[WhiteElo "2177"]
[BlackElo "2331"]
[PlyCount "49"]
[EventDate "2005.10.16"]
[EventType "team"]
[EventRounds "11"]
[EventCountry "HUN"]
[SourceTitle "EXT 2009"]
[Source "ChessBase"]
[SourceDate "2008.11.26"]
[SourceVersion "1"]
[SourceVersionDate "2008.11.26"]
[SourceQuality "1"]
[WhiteTeam "Sarvar"]
[BlackTeam "Lovo"]
[WhiteTeamCountry "HUN"]
[BlackTeamCountry "HUN"]

1. Nf3 c5 2. g3 b6 3. Bg2 Bb7 4. 0-0 Nf6 5. c4 e6 6. Nc3 Be7 7. Re1 d6 8. e4 Nbd7 9. d4 cxd4 10. Nxd4 Qb8 11. g4 h6 12. f4 g6 13. Nc2 a6 14. Be3 Qc7 15. Na3 g5 16. fxg5 hxg5 17. h3 0-0-0 18. Rc1 Kb8 19. b4 d5 20. cxd5 Bxb4 21. Ncb5 Qg3 22. Bf2 Qf4 23. Be3 Qg3 24. Bf2 Qf4 25. Be3 1/2-1/2

[Event "HUN-chT2 Szechenyi 0506"]
[Site "Hungary"]
[Date "2006.02.12"]
[Round "7"]
[White "Olle, Peter"]
[Black "Fendrik, Lajos"]
[Result "1-0"]
[WhiteElo "2177"]
[BlackElo "2244"]
[PlyCount "41"]
[EventDate "2005.10.16"]
[EventType "team"]
[EventRounds "11"]
[EventCountry "HUN"]
[SourceTitle "EXT 2009"]
[Source "ChessBase"]
[SourceDate "2008.11.26"]
[SourceVersion "1"]
[SourceVersionDate "2008.11.26"]
[SourceQuality "1"]
[WhiteTeam "Sarvar"]
[BlackTeam "Zala Volan"]
[WhiteTeamCountry "HUN"]
[BlackTeamCountry "HUN"]

1. Nf3 d5 2. g3 Nc6 3. d4 Bg4 4. Bg2 Qd7 5. Ne5 Nxe5 6. dxe5 e6 7. h3 Bh5 8. 0-0 Bc5 9. c4 c6 10. cxd5 cxd5 11. Kh2 f6 12. Qc2 Bb6 13. f4 fxe5 14. fxe5 Qe7 15. b4 Bg6 16. Qc3 Rd8 17. Bf4 Nh6 18. Nd2 0-0 19. e4 d4 20. Qb3 Nf7 21. Qa4 1-0